000 01871nab a2200277 a 4500
005 20210219162528.0
008 991125s1985 mx 000 0 spa u
035 _aUPN01000205916
049 _aART
100 1 _aMiranda, Ana
100 1 _uamiranda@flacso.org.ar
100 1 _aCorica, Agustina
100 1 _uacorica@flacso.org.ar
222 0 _aPERFILES EDUCATIVOS
245 0 0 _aLas actividades laborales y extraescolares de jóvenes de la escuela secundaria en la Argentina de principios del siglo XXI
260 _aMéxico
300 _a100-118
362 0 _a2015 3a época, volumen 37, número 148
520 _aEl artículo brinda evidencia de las transiciones entre la educación y el empleo de un segmento particular de la juventud en Argentina: los egresados de la educación secundaria. El análisis se realiza con base en la información producida en el marco del proyecto "La inserción ocupacional de los egresados de la escuela media: 10 años después", un estudio que replica un proyecto anterior desarrollado en 1999. La información en análisis corresponde a periodos caracterizados por situaciones económico-sociales divergentes: el primer proyecto da evidencia de los procesos de inserción ocupacional durante la crisis de principios de 2000 y el segundo da cuenta de estos mismos procesos en un periodo de crecimiento económico y redistribución del ingreso de principios de 2010. Los resultados se presentan de manera comparativa, con la finalidad de aportar al debate sobre las transiciones juveniles en distintos contextos y estrategias económicas
653 0 _aJOVENES
653 0 _aEDUCACION SECUNDARIA
653 0 _aINSERCION LABORAL
653 0 _aTRANSICION EDUCACION-EMPLEO
856 4 _uhttp://www.scielo.org.mx/scielo.php?script=sci_arttext&pid=S0185-26982015000200007&lng=es&nrm=iso&tlng=es
905 _aArticulo
999 _c178017
_d178017